000 00430nam a2200157Ia 4500
008 220204s9999 xx 000 0 und d
082 _a576.3:61
_bCOW.3
245 0 _aSpecial cytology: The form and functions of the cell in health and disease. V 3
250 _aEd.2
260 _aNew York
_bHafner
_c1963
650 _aCytology
650 _aMammary gland
650 _aNerve cell
700 _aCOWDRY, Edmund V
942 _cBK
999 _c21424
_d21424